| 000 | 00878cab a2200217 4500 | ||
|---|---|---|---|
| 001 | WB3335-38 | ||
| 008 | 090401t1997 xxu||||| |||| 00| 0 eng d | ||
| 035 | _a(Sirsi) u80785 | ||
| 041 | _aeng | ||
| 245 | _aPlanning rules block new homes | ||
| 260 | _c1997 | ||
| 350 | _a0 | ||
| 490 |
_aHousing Today _v(50) 11 September 1997, 7(1) |
||
| 520 | _aThousands of affordable homes could be lost over the next year because planning rules are ineffective and poorly used, according to a report by London Residential Research which claims that despite 8,000 private sector units being under construction in central London only 150 will be built under DoE Circular 13/96 guidance. | ||
| 650 |
_aAffordable housing _96215 |
||
| 650 | _aDOE CIRCULAR 13/1996 | ||
| 650 | _aLONDON RESIDENTIAL RESEARCH | ||
| 690 | _aPLANNING LAW AND PRACTICE | ||
| 942 | _n0 | ||
| 948 | _c11/09/1997 | ||
| 999 |
_c50873 _d50873 |
||